|
|
|
|
| LEADER |
00703nam a2200193 i 4500 |
| 001 |
misc57786 |
| 005 |
20210518172751.0 |
| 008 |
210518s1926 hu o 0|| hun d |
| 040 |
|
|
|a SZTE Miscellanea Repozitórium
|b hun
|
| 041 |
|
|
|a hun
|
| 100 |
1 |
|
|a Fövenyessy Margit
|
| 245 |
1 |
0 |
|a Elavult igetövekből való névszóképzések
|h [elektronikus dokumentum] :
|b [kézirat] /
|c Fövenyessy Margit
|
| 260 |
|
|
|a Fövenyessy Margit
|b Szeged, Magyarország
|c 1926
|
| 300 |
|
|
|a 10 t.
|c 21 cm
|
| 650 |
|
4 |
|a Bölcsészettudományok
|
| 650 |
|
4 |
|a Nyelvek és irodalom
|
| 650 |
|
4 |
|a Nyelvészet
|
| 695 |
|
|
|a Nyelvészet - magyar - tanulmányok
|
| 856 |
4 |
0 |
|u http://misc.bibl.u-szeged.hu/57786/1/xa_51665.pdf
|z Dokumentum-elérés
|